=LDR 00000nam 2200000 4500 =001 INLIS000000000001251 =005 20201202012129 =035 ##$$a 0010-061300000001251 =008 201202################g##########0#ind## =041 ##$$a Ind =082 ##$$a 331.11 =090 ##$$a 304.2, Not-p =100 1#$$a Notoatmodjo, Sukijo =245 1#$$a Pengembangan sumber daya manusia /$c Soekidjo Notoatmodjo =260 ##$$a Jakarta :$b Rineka Cipta,$c 1992 =300 ##$$a viii, 155 hlm : $b ilus ; $c 21x14 cm =650 #4$$a Sumber Daya Manusia =850 ##$$a NBPNMAT =020 ##$$a 9769-518-259-5 =084 ##$$a 331.11 NOT p =250 ##$$a cet.1 =990 ##$$a DW99005188 =990 ##$$a DW99006852 =990 ##$$a 00085359 =990 ##$$a 00085359 =990 ##$$a DW99005188 =990 ##$$a DW99006852 =990 ##$$a DW99006852 =990 ##$$a DW99005188 =990 ##$$a 00085359 =990 ##$$a 05790579 =990 ##$$a 1199900570 =990 ##$$a DW99005188 =990 ##$$a DW99006852 =990 ##$$a 00085359 =990 ##$$a 0001/BPAP-NTB/20142014 =990 ##$$a DW99005188 =990 ##$$a DW99006852 =990 ##$$a 00085359 =990 ##$$a 1199900570 =990 ##$$a 0001/BPAP-NTB/20142014 =990 ##$$a DW99005188 =990 ##$$a DW99006852 =990 ##$$a 00085359 =990 ##$$a 1199900570 =990 ##$$a 21400613/BPAP-NTB/20142014 =990 ##$$a DW99005188 =990 ##$$a DW99006852 =990 ##$$a 00085359 =990 ##$$a 0001/BPAP-NTB/20142014 =990 ##$$a 1199900570 =990 ##$$a 92654/BPAP-NTB/2014 =990 ##$$a DW99005188 =990 ##$$a DW99006852 =990 ##$$a 00085359 =990 ##$$a 21400613/BPAP-NTB/20142014 =990 ##$$a 0001/BPAP-NTB/20142014 =990 ##$$a 1199900570 =990 ##$$a 1199900570 =990 ##$$a DW99005188 =990 ##$$a DW99006852 =990 ##$$a 00085359 =990 ##$$a 92654/BPAP-NTB/2014 =990 ##$$a 21400613/BPAP-NTB/20142014 =990 ##$$a 0001/BPAP-NTB/20142014 =990 ##$$a 10606745 =990 ##$$a DW99005188 =990 ##$$a DW99006852 =990 ##$$a 00085359 =990 ##$$a 92654/BPAP-NTB/2014 =990 ##$$a 21400613/BPAP-NTB/20142014 =990 ##$$a 1199900570 =990 ##$$a 10606745 =990 ##$$a DW99005188 =990 ##$$a DW99006852 =990 ##$$a 00085359 =990 ##$$a 92654/BPAP-NTB/2014 =990 ##$$a 21400613/BPAP-NTB/20142014 =990 ##$$a 1199900570 =990 ##$$a 00046925XXX =990 ##$$a DW99005188 =990 ##$$a DW99006852 =990 ##$$a 00085359 =990 ##$$a 92654/BPAP-NTB/2014 =990 ##$$a 10606745 =990 ##$$a 1199900570 =990 ##$$a 20609528 =990 ##$$a DW99005188 =990 ##$$a DW99006852 =990 ##$$a 00085359 =990 ##$$a 00046925XXX =990 ##$$a 10606745 =990 ##$$a 1199900570 =990 ##$$a 00085359 =990 ##$$a DW99005188 =990 ##$$a DW99006852 =990 ##$$a 20609528 =990 ##$$a 00046925XXX =990 ##$$a 10606745 =990 ##$$a 1199900570 =990 ##$$a DW99006852 =990 ##$$a DW99005188 =990 ##$$a 00085359 =990 ##$$a 20609528 =990 ##$$a 00046925XXX =990 ##$$a 10606745 =990 ##$$a 1199900570 =990 ##$$a DW99006852 =990 ##$$a DW99005188 =990 ##$$a 00085359 =990 ##$$a 20609528 =990 ##$$a 00046925XXX =990 ##$$a 10606745 =990 ##$$a 1199900570 =990 ##$$a 20609528 =990 ##$$a DW99005188 =990 ##$$a DW99006852 =990 ##$$a 00085359 =990 ##$$a 00046925XXX =990 ##$$a 10606745 =990 ##$$a 1199900570